书目信息 |
| 题名: |
中药提取工艺与设备
|
|
| 作者: | 卢晓江 主编 | |
| 分册: | ||
| 出版信息: | 北京 化学工业出版社 2004 |
|
| 页数: | ||
| 开本: | 26cm | |
| 丛书名: | ||
| 单 册: | ||
| 中图分类: | R284.2 | |
| 科图分类: | ||
| 主题词: | 中药学 | |
| 电子资源: | ||
| ISBN: | 7-5025-6103-X | |
| 000 | 00526nam0 2200181 450 | |
| 001 | 0754114953 | |
| 005 | 20070929150154.95 | |
| 010 | @a7-5025-6103-X | |
| 100 | @a20070929d km y0chiy0120 ea | |
| 101 | 0 | @achi |
| 200 | 1 | @a中药提取工艺与设备@Azhong yao ti qu gong yi yu she bei@f卢晓江 主编@Flu xiao jiang zhu bian |
| 210 | @a北京@c化学工业出版社@d2004 | |
| 215 | @c插图@d26cm | |
| 606 | 0 | @a中药学 |
| 690 | @aR284.2@v3 | |
| 701 | 0 | @a卢晓江@Alu xiao jiang@4主编 |
| 801 | 0 | @aCN@bPFT@c20070929 |
| 905 | @a213230@dR284.2@eh42@f1 | |
| 中药提取工艺与设备/卢晓江 主编.-北京:化学工业出版社,2004 |
| 插图;26cm |
| ISBN 7-5025-6103-X: |
| ● |
| 相关链接 |
|
|
|
|
正题名:中药提取工艺与设备
索取号:R284.2/h42
 
预约/预借
| 序号 | 登录号 | 条形码 | 馆藏地/架位号 | 状态 | 备注 |
| 1 | 6002393 | 260023931 | 密集书库-化学系/ [索取号:R284.2/h42] | 在馆 | |
| 2 | 6002394 | 260023940 | 密集书库-化学系/ [索取号:R284.2/h42] | 在馆 |